Konkurenčné prostredie na poistných trhoch vybraných krajín bakalárska práca

Saved in:
Bibliographic Details
Main Author: Kobliška, Martin
Corporate Author: Národohospodárska fakulta EU. Katedra poisťovníctva
Other Authors: Pastoráková, Erika, 1972-
Format: Book
Language:Slovak
Published: Bratislava 2019
Tags: Add Tag
No Tags, Be the first to tag this record!

MARC

LEADER 00000nbm a2200000 4500
001 0256584
005 20191218095117.2
041 0 |a slo 
044 |a SK 
245 1 0 |a Konkurenčné prostredie na poistných trhoch vybraných krajín  |b bakalárska práca  |c Martin Kobliška ; školiteľ: Erika Pastoráková 
264 1 |a Bratislava  |c 2019 
300 |a 32 s. 
100 1 |a Kobliška, Martin 
700 1 |a Pastoráková, Erika, 1972- 
710 2 |a Národohospodárska fakulta EU. Katedra poisťovníctva